Normal view MARC view
  • Schweber, William L

Entry Personal Name

Number of records used in: 3

001 - CONTROL NUMBER

  • control field: 97363

003 - CONTROL NUMBER IDENTIFIER

  • control field: NUST

005 - DATE AND TIME OF LATEST TRANSACTION

  • control field: 20220816092143.0

008 - FIXED-LENGTH DATA ELEMENTS

  • fixed length control field: 220816|| aca||aabn | a|a d

040 ## - CATALOGING SOURCE

  • Original cataloging agency: NUST
  • Transcribing agency: NUST

100 ## - HEADING--PERSONAL NAME

  • Personal name: Schweber, William L

670 ## - SOURCE DATA FOUND

  • Source citation: Work cat.: (NUST)175852: Schweber, William L., Electronic communication systems :, c1999.
© 2023 Central Library, National University of Sciences and Technology. All Rights Reserved.